000 01057nam a22002537a 4500
003 OSt
005 20250407075928.0
008 240910b ||||| |||| 00| 0 eng d
040 _c0
082 _aDPer 621.317 Ie21 December 2022 v.37 n. 12 part 1&2.
100 _aZeng, Libin
_eauthor.
_960597
245 _aAccurate modeling of the vhf resonant boost converter considering multiple parasitic parameter /
_cLibin Zeng, Yanfeng Chen, Bo Zhang, and Dongyuan Qiu.
260 _aNew York ;
_bThe Institute of Electrical and Electronics Engineers, Inc.,
_cDecember 2022.
300 _avolume 37, pages 14902-14915,
_billustration.
500 _aIEEE Transactions on Power Electronics, v. 37 n. 12, pages 14902-14915, December 2022.
650 0 _aBoost converter.
_966167
650 0 _aparasitic parameters.
_966168
650 0 _avery high frequency.
_966169
700 _aZeng, Libin
_eauthor.
_960597
700 _aChen, Yanfeng.
_eauthor.
_960598
700 _aZhang, Bo.
_eauthor.
_960599
700 _aQiu, Dongyuan
_eauthor.
_960600
942 _2ddc
_cPER
999 _c21459
_d21459